[Event "SK Sodingen/Castrop 2 - SV Bottrop 1"]
[Site "Verbandsliga - Gruppe 2 2021/"]
[Date "2022.05.22"]
[Round "9.8"]
[White "Becker, Joerg"]
[Black "Gruber, Herbert"]
[Result "1-0"]
[WhiteElo "2125"]
[BlackElo "1754"]
[PlyCount "83"]
[EventDate "2022.??.??"]
[WhiteTeam "SK Sodingen/Castrop 2"]
[BlackTeam "SV Bottrop 1"]

1. d4 d5 2. Nf3 Nf6 3. Bf4 Bg4 4. Nbd2 e6 5. h3 Bh5 6. c4 c6 7. Qb3 Qc8 8. g4
Bg6 9. Bg2 Be7 10. Ne5 Nbd7 11. Rc1 O-O 12. Nxg6 hxg6 13. O-O Re8 14. Rfe1 dxc4
15. Nxc4 Nd5 16. Bd2 Qb8 17. e4 N5b6 18. Be3 Nxc4 19. Qxc4 Nf6 20. b4 a6 21. a4
b5 22. Qxc6 Bxb4 23. Red1 bxa4 24. g5 Nh5 25. e5 a3 26. Qxa8 Qxa8 27. Bxa8 Rxa8
28. Rc4 a5 29. Ra1 Rb8 30. Bc1 Be7 31. h4 Rb3 32. Ra4 Rh3 33. d5 exd5 34. Bxa3
Bd8 35. Rd1 Bb6 36. Rb1 Ba7 37. Rb7 Bd4 38. Rxd4 Rxa3 39. Rb8+ Kh7 40. Rxd5
Ra1+ 41. Kh2 Ra2 42. Rdd8 1-0

[Event "SC Hansa Dortmund 2 - SC Listiger Bauer"]
[Site "Verbandsliga - Gruppe 2 2021/"]
[Date "2022.05.22"]
[Round "9.1"]
[White "Kunisch, Siegfried"]
[Black "Schiefelbusch, Dirk"]
[Result "1/2-1/2"]
[WhiteElo "2031"]
[BlackElo "2064"]
[PlyCount "28"]
[EventDate "2022.??.??"]
[WhiteTeam "SC Listiger Bauer Essen 1"]
[BlackTeam "SC Hansa Dortmund 2"]

1. e4 c6 2. d4 d5 3. Nc3 dxe4 4. Nxe4 Bf5 5. Ng3 Bg6 6. h4 h6 7. Nf3 Nd7 8. c4
e6 9. h5 Bh7 10. Be2 Bb4+ 11. Bd2 Bxd2+ 12. Qxd2 Ngf6 13. Rd1 O-O 14. Ne5 Qc7
1/2-1/2

[Event "SC Hansa Dortmund 2 - SC Listiger Bauer"]
[Site "Verbandsliga - Gruppe 2 2021/"]
[Date "2022.05.22"]
[Round "9.2"]
[White "Linker, Walter"]
[Black "Mandl, Stefan"]
[Result "1/2-1/2"]
[WhiteElo "1997"]
[BlackElo "1953"]
[PlyCount "51"]
[EventDate "2022.??.??"]
[WhiteTeam "SC Hansa Dortmund 2"]
[BlackTeam "SC Listiger Bauer Essen 1"]

1. f4 c5 2. Nf3 Nc6 3. b3 Nf6 4. Bb2 e6 5. e3 Be7 6. Be2 O-O 7. O-O d6 8. a3 a5
9. Nc3 Bd7 10. Nb5 a4 11. bxa4 Rxa4 12. c4 Ra8 13. Bd3 d5 14. Ne5 dxc4 15. Nxc4
Nb4 16. axb4 Rxa1 17. Bxa1 Bxb5 18. Qb3 cxb4 19. Bd4 Bc6 20. Qc2 Qd5 21. Rf3 b3
22. Qb1 Ne4 23. Nb6 Qf5 24. Nc4 Qd5 25. Nb6 Qf5 26. Nc4 1/2-1/2

[Event "SC Hansa Dortmund 2 - SC Listiger Bauer"]
[Site "Verbandsliga - Gruppe 2 2021/"]
[Date "2022.05.22"]
[Round "9.3"]
[White "Ball, Joerg"]
[Black "Krueger, Simon"]
[Result "1/2-1/2"]
[WhiteElo "1932"]
[BlackElo "1997"]
[PlyCount "24"]
[EventDate "2022.??.??"]
[WhiteTeam "SC Listiger Bauer Essen 1"]
[BlackTeam "SC Hansa Dortmund 2"]

1. f4 d6 2. e4 c5 3. Nf3 Nc6 4. d3 Nf6 5. g3 g6 6. Bg2 Bg7 7. O-O O-O 8. c3 e5
9. Qe2 Qc7 10. Nh4 exf4 11. gxf4 Bg4 12. Bf3 Bxf3 1/2-1/2

[Event "SC Hansa Dortmund 2 - SC Listiger Bauer"]
[Site "Verbandsliga - Gruppe 2 2021/"]
[Date "2022.05.22"]
[Round "9.5"]
[White "Brandhorst, Dieter"]
[Black "Zhang, Jingfu"]
[Result "1/2-1/2"]
[WhiteElo "1902"]
[BlackElo "1626"]
[PlyCount "30"]
[EventDate "2022.??.??"]
[WhiteTeam "SC Listiger Bauer Essen 1"]
[BlackTeam "SC Hansa Dortmund 2"]

1. e4 e6 2. d4 d5 3. Nd2 c5 4. c3 Nf6 5. e5 Nfd7 6. Ngf3 Nc6 7. Be2 Qb6 8. Qb3
cxd4 9. Qxb6 Nxb6 10. cxd4 Bd7 11. a3 Rc8 12. O-O Be7 13. b3 O-O 14. Bb2 a6 15.
Rfc1 Na7 1/2-1/2

[Event "SC Hansa Dortmund 2 - SC Listiger Bauer"]
[Site "Verbandsliga - Gruppe 2 2021/"]
[Date "2022.05.22"]
[Round "9.6"]
[White "Reinacher, Detlev"]
[Black "Petri, Norbert"]
[Result "1/2-1/2"]
[WhiteElo "1639"]
[BlackElo "1864"]
[PlyCount "40"]
[EventDate "2022.??.??"]
[WhiteTeam "SC Hansa Dortmund 2"]
[BlackTeam "SC Listiger Bauer Essen 1"]

1. e4 d6 2. d3 g6 3. g3 Bg7 4. Bg2 c5 5. Nf3 Nc6 6. Nbd2 e6 7. O-O Nge7 8. c3
O-O 9. a4 Rb8 10. Re1 a6 11. Nf1 b5 12. axb5 axb5 13. d4 cxd4 14. cxd4 h6 15.
h4 Kh7 16. Bf4 e5 17. dxe5 dxe5 18. Be3 Be6 19. Bc5 Re8 20. b4 Ra8 1/2-1/2

[Event "SC Hansa Dortmund 2 - SC Listiger Bauer"]
[Site "Verbandsliga - Gruppe 2 2021/"]
[Date "2022.05.22"]
[Round "9.7"]
[White "Reich, Andreas"]
[Black "Schrimpl, Michael"]
[Result "1-0"]
[WhiteElo "1766"]
[BlackElo "1422"]
[PlyCount "59"]
[EventDate "2022.??.??"]
[WhiteTeam "SC Listiger Bauer Essen 1"]
[BlackTeam "SC Hansa Dortmund 2"]

1. c4 e5 2. Nc3 Nf6 3. g3 Nc6 4. Bg2 Bc5 5. e3 O-O 6. Nge2 Re8 7. O-O a6 8. a3
Rb8 9. b4 Bf8 10. Bb2 d6 11. h3 Be6 12. d3 Qd7 13. Kh2 Red8 14. e4 Ne7 15. f4
exf4 16. Nxf4 c6 17. Qe2 Qc8 18. Nd1 Ne8 19. Ne3 g6 20. Nxe6 Qxe6 21. Rf2 Bg7
22. Raf1 Bxb2 23. Qxb2 Qe5 24. Qd2 Qg7 25. Ng4 f5 26. Nh6+ Kh8 27. exf5 Nf6 28.
fxg6 Rf8 29. Nf7+ Kg8 30. Rxf6 1-0

[Event "SC Hansa Dortmund 2 - SC Listiger Bauer"]
[Site "Verbandsliga - Gruppe 2 2021/"]
[Date "2022.05.22"]
[Round "9.8"]
[White "Pennekamp, Christoph"]
[Black "Nagl, Simon"]
[Result "0-1"]
[WhiteElo "1363"]
[BlackElo "794"]
[PlyCount "80"]
[EventDate "2022.??.??"]
[WhiteTeam "SC Hansa Dortmund 2"]
[BlackTeam "SC Listiger Bauer Essen 1"]

1. Nf3 Nf6 2. e3 g6 3. d4 Bg7 4. c3 O-O 5. Be2 d5 6. O-O c5 7. Nbd2 Nc6 8. Re1
Bf5 9. Nf1 Qc7 10. Ng3 Bd7 11. Bd3 Bg4 12. h3 Bxf3 13. Qxf3 e5 14. e4 dxe4 15.
Nxe4 Nxe4 16. Bxe4 exd4 17. Bxc6 dxc3 18. Bf4 Qxc6 19. Qxc6 bxc6 20. b3 Rfe8
21. Be3 Rad8 22. Kf1 c2 23. Rac1 Bc3 24. Rxc2 Bxe1 25. Kxe1 f5 26. Kf1 f4 27.
Bd2 Kf7 28. f3 Rd4 29. Bc3 Rd1+ 30. Kf2 h5 31. h4 Rh1 32. Bd2 Rxh4 33. Rxc5 Rc8
34. Kg1 Rd8 35. Rc2 g5 36. Be1 Rd1 37. Re2 g4 38. g3 gxf3 39. Re4 fxg3 40. Re3
Rxe1+ 0-1

[Event "SV Ahlen 1 - SV Günnigfeld 1"]
[Site "Verbandsliga - Gruppe 2 2021/"]
[Date "2022.05.22"]
[Round "9.1"]
[White "Freisen, Thomas"]
[Black "Huckebrink, Chris"]
[Result "0-1"]
[WhiteElo "1957"]
[BlackElo "2063"]
[PlyCount "84"]
[EventDate "2022.??.??"]
[WhiteTeam "SV Günnigfeld 1"]
[BlackTeam "SV Ahlen 1"]

1. d4 d5 2. c4 c6 3. Nf3 Nf6 4. Nc3 dxc4 5. a4 Bf5 6. e3 e6 7. Bxc4 Nbd7 8. O-O
Bd6 9. Re1 Ne4 10. Nxe4 Bxe4 11. Bd3 Nf6 12. h3 Qe7 13. Bxe4 Nxe4 14. Qd3 f5
15. Nd2 Qh4 16. Nxe4 Qxe4 17. Qxe4 fxe4 18. b3 O-O-O 19. Bb2 Rhf8 20. Re2 Rf5
21. Rc1 h5 22. Rc4 g5 23. g3 Kd7 24. Rc1 g4 25. h4 b5 26. Rec2 bxa4 27. bxa4
Rb8 28. Bc3 Rff8 29. Bd2 Ba3 30. Ra1 Rb3 31. Kf1 Rfb8 32. Ke2 Kd6 33. Rc3 Rxc3
34. Bxc3 Bb4 35. Rb1 a5 36. Bd2 e5 37. dxe5+ Kxe5 38. Bc3+ Kd5 39. Rd1+ Kc4 40.
Be5 Re8 41. Bc7 Kb3 42. Ra1 c5 0-1

[Event "SV Ahlen 1 - SV Günnigfeld 1"]
[Site "Verbandsliga - Gruppe 2 2021/"]
[Date "2022.05.22"]
[Round "9.3"]
[White "Jaennekes, Oliver"]
[Black "Steinle, Carsten"]
[Result "1/2-1/2"]
[WhiteElo "1939"]
[BlackElo "2104"]
[PlyCount "78"]
[EventDate "2022.??.??"]
[WhiteTeam "SV Günnigfeld 1"]
[BlackTeam "SV Ahlen 1"]

1. d4 Nf6 2. c4 e6 3. Nc3 Bb4 4. Qc2 b6 5. Bg5 h6 6. Bh4 Bb7 7. Nf3 O-O 8. e3
d5 9. cxd5 Qxd5 10. Bxf6 gxf6 11. Nd2 Qd7 12. Be2 Nc6 13. Qe4 Qe7 14. Qh4 Kg7
15. Bf3 Rh8 16. Rc1 Na5 17. a3 Bd6 18. b4 Bxf3 19. gxf3 Nb7 20. Rg1+ Kf8 21.
Nde4 Ke8 22. Nxf6+ Kd8 23. e4 a5 24. e5 axb4 25. exd6 Nxd6 26. axb4 Ra3 27. Qf4
Nf5 28. Kf1 Qxb4 29. Qxc7+ Kxc7 30. Ncd5+ Kd6 31. Nxb4 Nxd4 32. Rd1 e5 33. Rg3
Ke6 34. Ne4 Nxf3 35. Kg2 Nh4+ 36. Kh3 Ra4 37. Rb1 Ng6 38. Rc3 Nf4+ 39. Kh4 Ng2+
1/2-1/2

[Event "SV Ahlen 1 - SV Günnigfeld 1"]
[Site "Verbandsliga - Gruppe 2 2021/"]
[Date "2022.05.22"]
[Round "9.5"]
[White "Bender, Markus"]
[Black "Starp, Klaus"]
[Result "0-1"]
[WhiteElo "1820"]
[BlackElo "1912"]
[PlyCount "56"]
[EventDate "2022.??.??"]
[WhiteTeam "SV Günnigfeld 1"]
[BlackTeam "SV Ahlen 1"]

1. d4 Nf6 2. Nf3 c5 3. Bg5 cxd4 4. Qxd4 Nc6 5. Qh4 e6 6. e4 Be7 7. c4 Qb6 8. b3
Nd4 9. Nbd2 Nc2+ 10. Kd1 Nxa1 11. Bd3 d6 12. Ke2 Nxb3 13. axb3 Bd7 14. e5 dxe5
15. Nxe5 Rd8 16. Rd1 Bc6 17. f3 a6 18. c5 Qxc5 19. Ndc4 Nd5 20. Rc1 Bxg5 21.
Qxg5 O-O 22. Qh4 f5 23. Rc2 Bb5 24. Qg5 Nb4 25. Rd2 Nxd3 26. Nxd3 Bxc4 27. bxc4
Qxc4 28. Qe3 Rd6 0-1

[Event "SV Ahlen 1 - SV Günnigfeld 1"]
[Site "Verbandsliga - Gruppe 2 2021/"]
[Date "2022.05.22"]
[Round "9.6"]
[White "Voelker, Andreas"]
[Black "Bauer, Matthias"]
[Result "1/2-1/2"]
[WhiteElo "1794"]
[BlackElo "1696"]
[PlyCount "79"]
[EventDate "2022.??.??"]
[WhiteTeam "SV Ahlen 1"]
[BlackTeam "SV Günnigfeld 1"]

1. e4 d5 2. d4 c6 3. c4 dxe4 4. Nc3 Nf6 5. Bg5 Nbd7 6. f3 exf3 7. Nxf3 h6 8.
Bh4 Qa5 9. Bd3 e6 10. O-O g5 11. Bg3 Nh5 12. Be5 Bg7 13. Bxg7 Nxg7 14. Qe2 g4
15. Nd2 Qh5 16. Nde4 O-O 17. Ng3 Qh4 18. d5 cxd5 19. cxd5 Nc5 20. Bc2 b6 21.
dxe6 Bxe6 22. b4 Nd7 23. Rad1 Rac8 24. Qd3 f5 25. Nd5 Ne5 26. Qe2 Nc4 27. Nf4
Qf6 28. Bb3 Bf7 29. Nd5 Bxd5 30. Rxd5 Rfe8 31. Qd3 Re3 32. Rd8+ Kh7 33. Qxe3
Nxe3 34. Rxc8 Nxf1 35. Kxf1 Qa1+ 36. Kf2 Qd4+ 37. Ke2 Qe5+ 38. Kf2 Qf4+ 39. Ke2
Qe5+ 40. Kf2 1/2-1/2

[Event "SV Ahlen 1 - SV Günnigfeld 1"]
[Site "Verbandsliga - Gruppe 2 2021/"]
[Date "2022.05.22"]
[Round "9.7"]
[White "Sinzig, Ralf"]
[Black "Busche, Klaus"]
[Result "0-1"]
[WhiteElo "1463"]
[BlackElo "1965"]
[PlyCount "72"]
[EventDate "2022.??.??"]
[WhiteTeam "SV Günnigfeld 1"]
[BlackTeam "SV Ahlen 1"]

1. e4 d5 2. Nf3 dxe4 3. Ng1 Nf6 4. Nc3 e5 5. Nge2 Bf5 6. h3 h5 7. Ng3 Bg6 8.
Qe2 Nc6 9. Qb5 Rb8 10. Qa4 Qd4 11. Bb5 Qxa4 12. Nxa4 h4 13. Ne2 Kd7 14. b3 a6
15. Bxc6+ Kxc6 16. Bb2 Bd6 17. c4 b6 18. Rc1 Nd7 19. a3 Nc5 20. Nxc5 bxc5 21.
Rc3 Rb7 22. Nc1 Be7 23. O-O Rd8 24. Rd1 Bg5 25. d3 Bxc1 26. Bxc1 f6 27. Be3
exd3 28. Rd2 Rdb8 29. Rb2 a5 30. f3 a4 31. b4 cxb4 32. axb4 Rxb4 33. Ra2 Rb1+
34. Kf2 R8b2+ 35. Rxb2 Rxb2+ 36. Ke1 Re2+ 0-1

[Event "SV Ahlen 1 - SV Günnigfeld 1"]
[Site "Verbandsliga - Gruppe 2 2021/"]
[Date "2022.05.22"]
[Round "9.8"]
[White "Junker, Timo"]
[Black "Kuemmel, Hans-Juergen"]
[Result "1-0"]
[WhiteElo "1754"]
[BlackElo "1332"]
[PlyCount "29"]
[EventDate "2022.??.??"]
[WhiteTeam "SV Ahlen 1"]
[BlackTeam "SV Günnigfeld 1"]

1. e4 e5 2. Nf3 Nc6 3. Bc4 Bc5 4. b4 Bxb4 5. c3 Be7 6. d4 d6 7. Qb3 Nh6 8. Bxh6
gxh6 9. Bxf7+ Kf8 10. Bh5 d5 11. exd5 Na5 12. Qa4 c6 13. d6 Bxd6 14. dxe5 Kg7
15. exd6 1-0

[Event "Oberhausener SV 2 - SG Mengede 1"]
[Site "Verbandsklasse - Gruppe 1 202"]
[Date "2022.05.22"]
[Round "9.1"]
[White "Borgschulze, Maik"]
[Black "Joergens, Markus"]
[Result "0-1"]
[WhiteElo "2130"]
[BlackElo "1980"]
[PlyCount "84"]
[EventDate "2022.??.??"]
[WhiteTeam "SG Mengede 1"]
[BlackTeam "Oberhausener SV 2"]

1. d4 d5 2. c4 c6 3. Nc3 dxc4 4. e3 b5 5. a4 b4 6. Na2 e6 7. Bxc4 Nf6 8. Nf3
Nbd7 9. O-O a5 10. Qc2 Bb7 11. e4 Be7 12. Bg5 h6 13. Bd2 O-O 14. Rad1 c5 15. e5
Be4 16. Qb3 Nd5 17. Rfe1 Bf5 18. Be3 Rc8 19. Bxd5 exd5 20. dxc5 Nxc5 21. Bxc5
Bxc5 22. Nc1 Qb6 23. Rd2 Be4 24. Qd1 b3 25. Nxb3 Bb4 26. Nfd4 Bxd2 27. Qxd2 Qb4
28. Qxb4 axb4 29. a5 Bc2 30. Nd2 Rc5 31. Rc1 Rfc8 32. Ra1 Bd3 33. N2b3 R5c7 34.
f4 Rc4 35. a6 Ra8 36. Nb5 Rc2 37. N5d4 Rxb2 38. Nc5 Be4 39. a7 Rxg2+ 40. Kf1
Rxh2 41. Ra4 Rd2 42. Nb5 b3 0-1

[Event "Oberhausener SV 2 - SG Mengede 1"]
[Site "Verbandsklasse - Gruppe 1 202"]
[Date "2022.05.22"]
[Round "9.2"]
[White "Groß, Thomas"]
[Black "Delvos, Thorsten"]
[Result "1/2-1/2"]
[WhiteElo "1925"]
[BlackElo "1989"]
[PlyCount "27"]
[EventDate "2022.??.??"]
[WhiteTeam "Oberhausener SV 2"]
[BlackTeam "SG Mengede 1"]

1. Nf3 c5 2. c4 Nc6 3. g3 g6 4. Bg2 Bg7 5. O-O e5 6. Nc3 Nge7 7. Ne1 O-O 8. Nc2
d6 9. d3 Be6 10. Ne3 Rb8 11. Ned5 h6 12. a3 a6 13. Bd2 b5 14. Rb1 1/2-1/2

[Event "Oberhausener SV 2 - SG Mengede 1"]
[Site "Verbandsklasse - Gruppe 1 202"]
[Date "2022.05.22"]
[Round "9.3"]
[White "Bork, Sophie"]
[Black "Krueger, André"]
[Result "1/2-1/2"]
[WhiteElo "1885"]
[BlackElo "1957"]
[PlyCount "72"]
[EventDate "2022.??.??"]
[WhiteTeam "SG Mengede 1"]
[BlackTeam "Oberhausener SV 2"]

1. e4 c5 2. c3 Nf6 3. e5 Nd5 4. Nf3 e6 5. d4 cxd4 6. cxd4 d6 7. Bc4 Be7 8. O-O
O-O 9. Nc3 Nxc3 10. bxc3 Qc7 11. Qd3 Nd7 12. exd6 Bxd6 13. Bb3 Bf4 14. Bb2 b6
15. c4 Bb7 16. Bc2 g6 17. d5 Ne5 18. Nxe5 Bxe5 19. Bxe5 Qxe5 20. Rfe1 Qg5 21.
Rad1 Rfd8 22. Bb3 Rd6 23. Qg3 Qxg3 24. hxg3 exd5 25. Re7 Bc6 26. cxd5 Rad8 27.
Rxa7 Bxd5 28. Bxd5 Rxd5 29. Rxd5 Rxd5 30. Ra6 Rd1+ 31. Kh2 Rb1 32. a4 Rb2 33.
f3 Kf8 34. a5 b5 35. Rb6 b4 36. a6 Ra2 1/2-1/2

[Event "Oberhausener SV 2 - SG Mengede 1"]
[Site "Verbandsklasse - Gruppe 1 202"]
[Date "2022.05.22"]
[Round "9.4"]
[White "Gerst, Michael"]
[Black "Weinert, Christian"]
[Result "1/2-1/2"]
[WhiteElo "1901"]
[BlackElo "1940"]
[PlyCount "43"]
[EventDate "2022.??.??"]
[WhiteTeam "Oberhausener SV 2"]
[BlackTeam "SG Mengede 1"]

1. d4 Nf6 2. c4 g6 3. Nc3 Bg7 4. e4 d6 5. Nf3 O-O 6. Be2 e5 7. dxe5 dxe5 8.
Qxd8 Rxd8 9. Bg5 Re8 10. Rd1 c6 11. O-O Nbd7 12. Rfe1 h6 13. Be3 Bf8 14. Nd2 b6
15. Nb3 a5 16. a4 Kg7 17. f3 Bb4 18. Rd2 Re7 19. Red1 Ra7 20. Kf2 Rc7 21. Rc2
Nc5 22. Nxc5 1/2-1/2

[Event "Oberhausener SV 2 - SG Mengede 1"]
[Site "Verbandsklasse - Gruppe 1 202"]
[Date "2022.05.22"]
[Round "9.8"]
[White "Kohl, Niclas"]
[Black "Ropel, Dennis"]
[Result "0-1"]
[WhiteElo "1788"]
[BlackElo "1737"]
[PlyCount "112"]
[EventDate "2022.??.??"]
[WhiteTeam "Oberhausener SV 2"]
[BlackTeam "SG Mengede 1"]

1. e4 d6 2. d4 Nf6 3. Nc3 g6 4. Bg5 Bg7 5. Bc4 O-O 6. Qd2 c6 7. a3 a5 8. Nge2
Nbd7 9. Bh6 e5 10. Bxg7 Kxg7 11. dxe5 Nxe5 12. Bb3 Be6 13. Rd1 Bxb3 14. cxb3
Qb6 15. Qxd6 Nfg4 16. Qd4 Qxb3 17. Nc1 Qe6 18. O-O Rfd8 19. Qb6 Nc4 20. Qxb7
Rab8 21. Qc7 Rxd1 22. Rxd1 Rxb2 23. Nd3 Rc2 24. Rc1 Rxc1+ 25. Nxc1 Nxf2 26. Qf4
Ng4 27. N1e2 Qd7 28. h3 Nge5 29. Qf2 Nxa3 30. Qc5 Nac4 31. Nd4 Qd6 32. Qa7 Nd2
33. Nde2 Qf6 34. Kh2 h5 35. Qxa5 h4 36. Qc5 Nd3 37. Qd4 Qxd4 38. Nxd4 c5 39.
Nf3 Nxf3+ 40. gxf3 Kf6 41. Kg2 Nf4+ 42. Kf2 Ke5 43. Ke3 g5 44. Nb1 Nxh3 45. Nd2
Nf4 46. Nc4+ Ke6 47. Kf2 f5 48. Nd2 Ke5 49. exf5 Kxf5 50. Ne4 Ne6 51. Ke3 Ke5
52. Ke2 Kf4 53. Kf2 g4 54. Nd2 g3+ 55. Kg2 Ng5 56. Nb3 h3+ 0-1

[Event "SV Sterkrade-Nord 1 - SV Rot-Weiß-Alten"]
[Site "Verbandsklasse - Gruppe 1 202"]
[Date "2022.05.22"]
[Round "9.1"]
[White "Praß, Marian"]
[Black "Paehtz, Elisabeth"]
[Result "0-1"]
[WhiteElo "2010"]
[BlackElo "2526"]
[PlyCount "90"]
[EventDate "2022.??.??"]
[WhiteTeam "SV Rot-Weiß-Altenessen 1"]
[BlackTeam "SV Sterkrade-Nord 1"]

1. e4 c5 2. Nf3 d6 3. d4 cxd4 4. Nxd4 Nf6 5. Nc3 a6 6. Bg5 Nbd7 7. f4 g6 8. Qd2
Bg7 9. Be2 Qc7 10. O-O-O b5 11. Bf3 Bb7 12. Rhe1 O-O 13. Nd5 Nxd5 14. exd5 Nf6
15. Nc6 Rfe8 16. Qa5 Rac8 17. Re2 Kf8 18. Qxc7 Rxc7 19. Na5 Ba8 20. Nb3 Nd7 21.
a3 Nb6 22. Kb1 Rc4 23. Na5 Rc7 24. c3 Na4 25. Rd3 Nb6 26. Nb3 Rc4 27. Nd2 h6
28. Nxc4 bxc4 29. Bxe7+ Rxe7 30. Rxe7 Kxe7 31. Rd1 Bb7 32. Kc1 Bc8 33. g4 g5
34. Re1+ Kd8 35. fxg5 hxg5 36. h3 Be5 37. Be4 Bb7 38. Rd1 Nd7 39. Kc2 Kc7 40.
Bg2 Kb6 41. b4 cxb3+ 42. Kxb3 Kc5 43. c4 Nb6 44. Bf1 Bc8 45. a4 Bd7 0-1

[Event "SV Sterkrade-Nord 1 - SV Rot-Weiß-Alten"]
[Site "Verbandsklasse - Gruppe 1 202"]
[Date "2022.05.22"]
[Round "9.2"]
[White "Knudsen, Simon"]
[Black "Rohloff, Markus"]
[Result "1-0"]
[WhiteElo "2240"]
[BlackElo "1897"]
[PlyCount "119"]
[EventDate "2022.??.??"]
[WhiteTeam "SV Sterkrade-Nord 1"]
[BlackTeam "SV Rot-Weiß-Altenessen 1"]

1. e4 e6 2. d4 d5 3. Nd2 c5 4. Ngf3 Nc6 5. exd5 exd5 6. Bb5 Bd7 7. O-O Be7 8.
dxc5 Nf6 9. Nb3 O-O 10. c4 dxc4 11. Bxc4 Qc7 12. Bg5 Bg4 13. Be2 Ne4 14. Be3
Rad8 15. Qc2 Bf5 16. Nbd4 Nxd4 17. Nxd4 Rxd4 18. Bxd4 Ng3 19. Qc4 Nxf1 20. Rxf1
Be6 21. Qc3 Rc8 22. Bxg7 Qxc5 23. Qg3 Qg5 24. Qxg5 Bxg5 25. Bc3 Bxa2 26. Ra1
Bc4 27. Bxc4 Rxc4 28. h4 Bxh4 29. Rxa7 Rc8 30. Rxb7 Bg5 31. g3 Bh6 32. Bd4 Bg7
33. Be3 Be5 34. b4 Kg7 35. Kg2 Rc4 36. b5 Bd4 37. Bxd4+ Rxd4 38. b6 Rb4 39. Rb8
Kf6 40. Kf3 h5 41. b7 Kf5 42. Ke3 f6 43. Kd3 Rb6 44. Kc4 Rb1 45. Kc5 Rc1+ 46.
Kd6 Rd1+ 47. Ke7 Re1+ 48. Kf8 Rb1 49. Kf7 Rb2 50. f3 Rb6 51. Kg7 Kg5 52. Kf8
Kf5 53. Kf7 Rb5 54. g4+ Kf4 55. gxh5 Rxh5 56. Kxf6 Rb5 57. Ke6 Ke3 58. Kd6 Kd4
59. Kc6 Kc4 60. Rc8 1-0

[Event "SV Sterkrade-Nord 1 - SV Rot-Weiß-Alten"]
[Site "Verbandsklasse - Gruppe 1 202"]
[Date "2022.05.22"]
[Round "9.3"]
[White "Kordonowski, Frank"]
[Black "Aulich, Marcell"]
[Result "0-1"]
[WhiteElo "1955"]
[BlackElo "2155"]
[PlyCount "80"]
[EventDate "2022.??.??"]
[WhiteTeam "SV Rot-Weiß-Altenessen 1"]
[BlackTeam "SV Sterkrade-Nord 1"]

1. e3 d5 2. b4 e5 3. a3 Nf6 4. Bb2 Bd6 5. c4 c6 6. Nc3 O-O 7. cxd5 cxd5 8. Nb5
Bf5 9. Nxd6 Qxd6 10. Nf3 Nbd7 11. Be2 Rac8 12. Rc1 h6 13. O-O Rxc1 14. Qxc1 Bg4
15. h3 Bh5 16. Qd1 Rc8 17. Ne1 Bxe2 18. Qxe2 Nb6 19. Nf3 Nfd7 20. d3 Na4 21.
Rc1 Rxc1+ 22. Bxc1 e4 23. Nd4 Qc7 24. Bd2 Nf6 25. Qd1 Nb2 26. Qb3 Nxd3 27. Nf5
Qe5 28. g4 Qa1+ 29. Kg2 Qb2 30. Qxb2 Nxb2 31. Bc3 Nc4 32. Bxf6 gxf6 33. Ne7+
Kg7 34. Nxd5 Nxa3 35. Nc3 Nc2 36. Nd5 b6 37. Kg3 a5 38. bxa5 bxa5 39. Kf4 a4
40. Kxe4 a3 0-1

[Event "SV Sterkrade-Nord 1 - SV Rot-Weiß-Alten"]
[Site "Verbandsklasse - Gruppe 1 202"]
[Date "2022.05.22"]
[Round "9.4"]
[White "Grewe, Ludger"]
[Black "Cavasin, Joerg"]
[Result "1/2-1/2"]
[WhiteElo "2089"]
[BlackElo "1861"]
[PlyCount "42"]
[EventDate "2022.??.??"]
[WhiteTeam "SV Sterkrade-Nord 1"]
[BlackTeam "SV Rot-Weiß-Altenessen 1"]

1. e4 c5 2. Nf3 g6 3. d4 cxd4 4. Qxd4 Nf6 5. e5 Nc6 6. Qa4 Nd5 7. Qb3 Nb6 8.
Bf4 Bg7 9. Bg3 O-O 10. Nc3 d5 11. exd6 exd6 12. O-O-O Be6 13. Qa3 d5 14. Bb5 a6
15. Bxc6 bxc6 16. Qa5 Nc4 17. Qxd8 Rfxd8 18. Na4 Bg4 19. Rd3 Re8 20. b3 Bh6+
21. Kb1 Bxf3 1/2-1/2

[Event "SV Sterkrade-Nord 1 - SV Rot-Weiß-Alten"]
[Site "Verbandsklasse - Gruppe 1 202"]
[Date "2022.05.22"]
[Round "9.5"]
[White "Avgustin, Thomas"]
[Black "Kuckling, Hannah"]
[Result "0-1"]
[WhiteElo "1731"]
[BlackElo "2072"]
[PlyCount "76"]
[EventDate "2022.??.??"]
[WhiteTeam "SV Rot-Weiß-Altenessen 1"]
[BlackTeam "SV Sterkrade-Nord 1"]

1. e4 c5 2. Nf3 e6 3. c3 Nf6 4. e5 Nd5 5. d4 cxd4 6. Qxd4 Nc6 7. Qg4 Qc7 8. Qg3
a6 9. Bc4 Nde7 10. O-O Ng6 11. Bf4 Be7 12. Nbd2 Nxf4 13. Qxf4 f5 14. Rfe1 b6
15. Rad1 Bb7 16. b4 Nd8 17. Qd4 g5 18. Re3 Nc6 19. Qd3 g4 20. b5 axb5 21. Bxb5
gxf3 22. Nc4 Rg8 23. g3 Bc5 24. Nd6+ Bxd6 25. exd6 Qd8 26. Qxf5 Qg5 27. Rxe6+
dxe6 28. Qxe6+ Kd8 29. Qf7 Qg7 30. Qc4 Rc8 31. Qh4+ Qg5 32. Qxh7 Rg7 33. Qh8+
Kd7 34. Qh3+ Qg4 35. Qh6 Rcg8 36. Rd4 Qg5 37. Qh3+ Kd8 38. Bxc6 Qc1+ 0-1

[Event "SV Sterkrade-Nord 1 - SV Rot-Weiß-Alten"]
[Site "Verbandsklasse - Gruppe 1 202"]
[Date "2022.05.22"]
[Round "9.6"]
[White "Herud, Martin"]
[Black "Neugebauer, Thomas"]
[Result "0-1"]
[WhiteElo "2033"]
[BlackElo "1830"]
[PlyCount "102"]
[EventDate "2022.??.??"]
[WhiteTeam "SV Sterkrade-Nord 1"]
[BlackTeam "SV Rot-Weiß-Altenessen 1"]

1. e4 c5 2. Nf3 d6 3. d4 cxd4 4. Nxd4 Nf6 5. Nc3 a6 6. Bc4 e6 7. Bb3 Be7 8. Be3
Qc7 9. f3 Nc6 10. Qd2 Bd7 11. O-O-O Ne5 12. g4 Nc4 13. Bxc4 Qxc4 14. Kb1 b5 15.
h4 b4 16. Nce2 Rc8 17. Ng3 Kd8 18. g5 Ne8 19. f4 a5 20. f5 e5 21. Nf3 Qb5 22.
Qf2 Rb8 23. Rd5 Qa6 24. Rhd1 Nc7 25. Nxe5 Nxd5 26. Nxf7+ Kc7 27. Rxd5 Rhf8 28.
g6 hxg6 29. fxg6 Be6 30. Rd3 Bc4 31. Rd1 a4 32. Nf5 Bxf7 33. gxf7 Rxf7 34. Bf4
Bf8 35. Qc5+ Qc6 36. Qa5+ Kc8 37. Nd4 Qb6 38. Qg5 Rbb7 39. Nf5 Rbd7 40. Be3 Qc6
41. Rd5 Qa6 42. Qg2 a3 43. b3 Rc7 44. Bd2 g6 45. Qxg6 Qf1+ 46. Bc1 Rxc2 47.
Qe6+ Kb8 48. Qe8+ Rc8 49. Rb5+ Rb7 50. Rxb7+ Kxb7 51. Qf7+ Kb8 0-1

[Event "SV Sterkrade-Nord 1 - SV Rot-Weiß-Alten"]
[Site "Verbandsklasse - Gruppe 1 202"]
[Date "2022.05.22"]
[Round "9.7"]
[White "Nalepa, Daniel"]
[Black "Finke, Tobias"]
[Result "1-0"]
[WhiteElo "1850"]
[BlackElo "2019"]
[PlyCount "83"]
[EventDate "2022.??.??"]
[WhiteTeam "SV Rot-Weiß-Altenessen 1"]
[BlackTeam "SV Sterkrade-Nord 1"]

1. d4 Nf6 2. c4 e6 3. Nf3 c5 4. d5 exd5 5. cxd5 d6 6. Nc3 Be7 7. e4 Bg4 8. Be2
O-O 9. O-O Re8 10. Re1 Nbd7 11. Nd2 Bxe2 12. Qxe2 a6 13. a4 Bf8 14. f3 Qc7 15.
Nc4 Nb6 16. Nxb6 Qxb6 17. Qc4 Qa5 18. Bd2 Rab8 19. Red1 Nd7 20. Qf1 Qb4 21. Nb5
Qxb2 22. Bc3 Qxa1 23. Rxa1 axb5 24. Qxb5 Red8 25. Rb1 Be7 26. Qb2 Bf8 27. Qf2
b6 28. h4 Ra8 29. h5 Rxa4 30. h6 g6 31. Qh4 Rda8 32. Rxb6 Ra1+ 33. Kh2 R1a7 34.
Rb1 Rc7 35. f4 Re8 36. Re1 Be7 37. Qg3 Nf6 38. e5 Nh5 39. Qf3 Bh4 40. exd6 Bxe1
41. dxc7 Bg3+ 42. Qxg3 1-0

[Event "SV Sterkrade-Nord 1 - SV Rot-Weiß-Alten"]
[Site "Verbandsklasse - Gruppe 1 202"]
[Date "2022.05.22"]
[Round "9.8"]
[White "Schelwokat, Peter"]
[Black "Jahns, Uwe"]
[Result "1-0"]
[WhiteElo "1865"]
[BlackElo "1551"]
[PlyCount "43"]
[EventDate "2022.??.??"]
[WhiteTeam "SV Sterkrade-Nord 1"]
[BlackTeam "SV Rot-Weiß-Altenessen 1"]

1. e4 d6 2. d4 g6 3. Nc3 Nf6 4. f4 Bg7 5. Nf3 O-O 6. Be2 a6 7. e5 dxe5 8. dxe5
Qxd1+ 9. Bxd1 Ne8 10. Be3 b6 11. Be2 Bb7 12. O-O-O c5 13. Na4 Bc6 14. Nxb6 Ra7
15. Bxc5 Rb7 16. Nc8 Bxf3 17. Bxf3 Rc7 18. Nxe7+ Kh8 19. Bd6 Nxd6 20. exd6 Rd7
21. Rhe1 Re8 22. Nxg6+ 1-0